Microeconomics (Record no. 1221788)

MARC details
000 -LEADER
fixed length control field 00414nam a2200169Ia 4500
008 - FIXED-LENGTH DATA ELEMENTS--GENERAL INFORMATION
fixed length control field 260520s2024 xx 000 0 und d
020 ## - INTERNATIONAL STANDARD BOOK NUMBER
International Standard Book Number 978-93-6053-763-0
041 ## - LANGUAGE CODE
Language code of text/sound track or separate title eng
082 ## - DEWEY DECIMAL CLASSIFICATION NUMBER
Classification number 338.5/ARN
100 ## - MAIN ENTRY--PERSONAL NAME
Personal name Arnold , R A
245 ## - TITLE STATEMENT
Title Microeconomics
250 ## - EDITION STATEMENT
Edition statement 14th ed
260 ## - PUBLICATION, DISTRIBUTION, ETC.
Place of publication, distribution, etc. DELHI
Name of publisher, distributor, etc. CENGAGE LEARNING INDIA PVT LTD
Date of publication, distribution, etc. 2024
300 ## - PHYSICAL DESCRIPTION
Extent 566p.
500 ## - GENERAL NOTE
General note Cat No: 14982
650 ## - SUBJECT ADDED ENTRY--TOPICAL TERM
Topical term or geographic name entry element ECONOMICS
Holdings
Withdrawn status Lost status Damaged status Not for loan Collection Home library Current library Shelving location Date acquired Source of acquisition Cost, normal purchase price Total Checkouts Full call number Barcode Date last seen Price effective from Koha item type Public note
          Dr.Patangrao Kadam Mahavidyalaya, Sangli Dr.Patangrao Kadam Mahavidyalaya, Sangli   06/04/2026 Bharati Madhyavarti Sahakari Grahak Bhandar, Pune (Best Book Supplier, Kolhapur) 745.00   338.5/ARN PKS-25160 20/05/2026 20/05/2026 Book General book section